000 01737nam a22004577a 4500
001 18177941
003 OSt
005 20241030101412.0
008 140605s2016 maua 001 0 eng d
010 _a 2014942489
020 _a9781305079243
_qhardcover
020 _a1305079248
_qhardcover
035 _a(OCoLC)ocn909919004
040 _aYDXCP
_beng
_cYDXCP
_erda
_dOCLCO
_dDLC
042 _alccopycat
050 0 0 _aQD31.3
_b.Z87 2016
080 _a54
_bZ-92
082 0 4 _a540
_223
100 1 _aZumdahl, Steven S.,
_eauthor.
245 1 0 _aChemistry :
_ban atoms first approach /
_cSteven S. Zumdahl, University of Illinois, Susan A. Zumdahl, University of Illinois.
250 _aSecond edition.
260 _aBoston, MA, USA :
_bCengage Learning,
_c[2016]
300 _a881 p
_bcolor illustrations ;
_c28 cm
336 _atext
_btxt
_2rdacontent
337 _aunmediated
_bn
_2rdamedia
338 _avolume
_bnc
_2rdacarrier
500 _aIncludes index.
650 0 _aChemistry
_vTextbooks.
650 0 _aAtoms
_vTextbooks.
650 7 _aAtoms.
_2fast
_0(OCoLC)fst00820656
650 7 _aChemistry.
_2fast
_0(OCoLC)fst00853344
653 _aქიმია
700 1 _aZumdahl, Susan A.,
_eauthor.
856 4 2 _3Contributor biographical information
_uhttp://www.loc.gov/catdir/enhancements/fy1608/2014942489-b.html
856 4 2 _3Publisher description
_uhttp://www.loc.gov/catdir/enhancements/fy1608/2014942489-d.html
856 4 1 _3Table of contents only
_uhttp://www.loc.gov/catdir/enhancements/fy1608/2014942489-t.html
906 _a7
_bcbc
_ccopycat
_d2
_encip
_f20
_gy-gencatlg
942 _2udc
_cBK
999 _c303
_d303